|
|
|
|
| LEADER |
00000nam0a2200000 4500 |
| 001 |
312966 |
| 005 |
20231102002533.0 |
| 035 |
|
|
|a (RuTPU)RU\TPU\book\338349
|
| 090 |
|
|
|a 312966
|
| 100 |
|
|
|a 20160111d1954 km y0rusy50 ca
|
| 101 |
0 |
|
|a rus
|
| 102 |
|
|
|a RU
|
| 105 |
|
|
|a a z 001zy
|
| 200 |
1 |
|
|a Прикладная теория подшипников жидкостного трения
|f М. В. Коровчинский
|
| 210 |
|
|
|a Москва
|c Машгиз
|d 1954
|
| 215 |
|
|
|a 186 с.
|c ил.
|
| 320 |
|
|
|a Библиогр.: с. 181-184
|
| 606 |
1 |
|
|a Подшипники жидкостного трения
|x Расчет
|x Конструкция и расчет
|x Производство
|2 stltpush
|3 (RuTPU)RU\TPU\subj\49706
|9 68470
|
| 610 |
1 |
|
|a прикладная теория
|
| 610 |
1 |
|
|a смазка
|
| 610 |
1 |
|
|a смазочный слой
|
| 610 |
1 |
|
|a несущая способность
|
| 610 |
1 |
|
|a трение
|
| 610 |
1 |
|
|a смазочные масла
|
| 610 |
1 |
|
|a торцевое истечение
|
| 610 |
1 |
|
|a расчеты
|
| 610 |
1 |
|
|a методика
|
| 675 |
|
|
|a 621.822.573
|v 4
|
| 700 |
|
1 |
|a Коровчинский
|b М. В.
|
| 801 |
|
1 |
|a RU
|b 63413507
|c 20160111
|
| 801 |
|
2 |
|a RU
|b 63413507
|c 20200604
|g RCR
|
| 942 |
|
|
|c BK
|